000 00608nam a22001695i 4500
001 154867
003 ES-MaACL
005 20230906205901.0
008 040712s1894 sp |||| | spa d
040 _aCAM
_bspa
_cCAM
100 1 _aGuerrero, Wladimir.
_960569
245 1 3 _aLa remolacha y la hacienda
_b: episodio nacional /
_cpor Wladimir Guerrero.
260 _aMadrid :
_bImprenta y Librería de Nicolás Moya,
_c1894.
300 _a19 p. ;
_c23 cm.
650 4 _aRemolacha azucarera.
_9136823
852 _aES-MaACL
_jT-806-F-5
_z-- Enc. hol. conservando la cub. original
_z-- Enc. en un vol. facticio
999 _c154867
_d154867